00622nam a2200193Ia 4500008004100000020001500041041001200056082001600068100001400084245006400098250000800162260002200170300000800192650001900200700001600219942000700235999001500242952017100257221030s9999 xx 000 0 und d a8120311477 aEnglish a105.23bKol aB. Kolman 0aDiscrete Mathematical Structurescby B. Kolman, R. C. Busby a3rd bPHIaNew Delhic0 a524 aBE Mathematics aR. C. Busby cBK c5517d5517 pBE 1311g225.00l0o105.23 Kolr2024-06-13 00:00:00w2022-10-30yBK003Print4070aMIETLIBbMIETLIBcBL-Academic Block- A, FL-1, CUP-3, SH-2, R-2d2000-04-2710HBE